| 000 | 00623nam a2200193 a 4500 | ||
|---|---|---|---|
| 005 | 20240215063708.0 | ||
| 008 | 991125s1977 ag 000 0 spa u | ||
| 035 | _aUPN01000032376 | ||
| 049 | _aCG | ||
| 050 | 4 |
_aH62 _bA5.5 |
|
| 100 | 1 |
_aAnder-Egg, Ezequiel, _d1930- _928724 |
|
| 245 | 1 | 0 |
_aIntroducción a las técnicas de investigación social : _bpara trabajadores sociales / _cEzequiel Ander-Egg. |
| 260 |
_aBuenos Aires : _bHvmanitas, _c1977. |
||
| 300 | _a335 p. | ||
| 440 | 0 |
_aGuidance ; _v6 |
|
| 650 | 4 |
_aCiencias sociales _xInvestigación _97497 |
|
| 650 | 4 |
_aCiencias sociales _xMetodología _96208 |
|
| 905 | _aLibro | ||
| 999 |
_c32376 _d32376 |
||